Ville avec le plus de policier en France - Statistiques

Statistiques générales
  • Ce quiz a été pris 81 fois
  • Le résultat moyen est 6 sur 10
Statistiques - réponses
Ville % Correct
2 Marseille
97%
3 Lyon
85%
1 Nice
73%
4 Toulouse
67%
9 Strasbourg
64%
7 Montpellier
56%
10 Perpignan
38%
6 Nimes
33%
8 Saint-Etienne
33%
5 Cannes
23%
Aucun quiz correspondant
Distribution des résultats
% des personnes avec chaque résultat
Percentile par nombre de réponses
Votre historique - résultats
Vous n’avez pas pris ce quiz